书目信息 |
| 题名: |
安全评价法规汇编
|
|
| 作者: | ;中国安全生产科学研究院 编 | |
| 分册: | ||
| 出版信息: | 北京 化学工业出版社 2005.04 |
|
| 页数: | 584页 | |
| 开本: | 26cm | |
| 丛书名: | ||
| 单 册: | ||
| 中图分类: | D922.549 | |
| 科图分类: | ||
| 主题词: | 安全生产--an quan sheng chan--评价--法规--汇编--中国 | |
| 电子资源: | ||
| ISBN: | 7-5025-6829-8 | |
| 000 | 00903nam0 2200217 450 | |
| 001 | 010262241573 | |
| 005 | 20050925213958.90 | |
| 010 | @a7-5025-6829-8@dCNY90.00 | |
| 100 | @a20050618d2005 km y0chiy0120 ea | |
| 101 | 0 | @achi |
| 102 | @aCN@b110000 | |
| 105 | @aa zn 000yy | |
| 200 | 1 | @a安全评价法规汇编@Aan quan ping jia fa gui hui bian@f中国安全生产科学研究院编@Fzhong guo an quan sheng chan ke xue yan jiu yuan bian |
| 210 | @a北京@c化学工业出版社@d2005.04 | |
| 215 | @a584页@c图@d26cm | |
| 330 | @a本书收录了《安全评价人员考试要点(试行)》中要求评价人员熟悉的与安全生产有关的法律法规及部门规章、技术标准及技术规范、安全评价通则及评价导则等内容。 | |
| 606 | 0 | @a安全生产@Aan quan sheng chan@x评价@x法规@x汇编@y中国 |
| 690 | @aD922.549@v4 | |
| 711 | 02 | @a中国安全生产科学研究院@Azhong guo an quan sheng chan ke xue yan jiu yuan@4编 |
| 801 | 0 | @aCN@bQSSK@c20050925 |
| 905 | @a10447@dD922.549@eZ494 | |
| 安全评价法规汇编/中国安全生产科学研究院编.-北京:化学工业出版社,2005.04 |
| 584页:图;26cm |
| ISBN 7-5025-6829-8:CNY90.00 |
| 本书收录了《安全评价人员考试要点(试行)》中要求评价人员熟悉的与安全生产有关的法律法规及部门规章、技术标准及技术规范、安全评价通则及评价导则等内容。 |
| ● |
| 相关链接 |
|
|
|
正题名:安全评价法规汇编
索取号:D922.549/Z494
 
预约/预借
| 序号 | 登录号 | 条形码 | 馆藏地/架位号 | 状态 | 备注 |
| 1 | 573091 | 205730912 | 社科库509/509社科库 89排9列3层/ [索取号:D922.549/Z494] | 在馆 | |
| 2 | 573092 | 205730921 | 社科库509/509社科库 89排9列3层/ [索取号:D922.549/Z494] | 在馆 | |
| 3 | 573093 | 205730930 | 社科库509/509社科库 89排9列3层/ [索取号:D922.549/Z494] | 在馆 |